5HLuxD.jpg

KING HENRY VIII SENIOR AND PRIMARY SCHOOL LIBRARY OPAC

TALES OF SASHA (Record no. 4532)

000 -LEADER
fixed length control field 00364nam a2200121 4500
008 - FIXED-LENGTH DATA ELEMENTS--GENERAL INFORMATION
fixed length control field 250227b KH8 PRIMARY LIBRARY ||||| |||| 00| 0 eng d
020 ## - INTERNATIONAL STANDARD BOOK NUMBER
International Standard Book Number 9781499803891
082 ## - DEWEY DECIMAL CLASSIFICATION NUMBER
Classification number PEA 813.6
100 ## - MAIN ENTRY--PERSONAL NAME
Personal name PEARL,ALEXA
Relator term AUTHOR
245 ## - TITLE STATEMENT
Title TALES OF SASHA
Remainder of title THE BIG SECRET
260 ## - PUBLICATION, DISTRIBUTION, ETC.
Place of publication, distribution, etc. 251 PARK AVENUE SOUTH,NEW YORK,NY 10010
Name of publisher, distributor, etc. Little Bee Books
Date of publication, distribution, etc. 2017
942 ## - ADDED ENTRY ELEMENTS (KOHA)
Source of classification or shelving scheme
Holdings
Withdrawn status Lost status Source of classification or shelving scheme Damaged status Not for loan Collection code Permanent Location Current Location Shelving location Date acquired Total Checkouts Full call number Barcode Date due Date last seen Date last checked out Price effective from Koha item type Public note
          Fiction KH8 Primary School Library KH8 Primary School Library Fiction 2025-02-27 7 PEA 813.6 KHPL000006316 2026-04-21 2026-04-13 2026-04-13 2025-02-27 Books - Fiction KH8 PRIMARY LIBRARY

Powered By KH8 IT Dept